| 000 | 00721nam a22002537a 4500 | ||
|---|---|---|---|
| 003 | DO-SdBNP | ||
| 005 | 20240319125136.0 | ||
| 008 | 171108b 2001|| 00| 0 spa d | ||
| 020 | _a9788484500018 | ||
| 040 |
_aBPMSU _bspa _cBPMSU |
||
| 082 | 4 |
_a863.6 _bP37p 2001 _222 |
|
| 100 | 1 |
_aPérez-Reverte, Arturo _d1951- _953 |
|
| 245 | 1 | 3 |
_aLa piel del tambor / _cArturo Pérez-Reverte |
| 250 | _66a ed. | ||
| 260 |
_aBarcelona : _bPlaza & Janés ; _c2001. |
||
| 300 |
_a526 p. ; _318 cm. |
||
| 490 | 0 |
_aDebolsillo, _v406 |
|
| 590 | _aInventariado, 2023/VM | ||
| 650 | 4 | _aNovela española | |
| 650 | 4 | _aNovela policíaca española | |
| 650 | 4 | _aNovela amorosa | |
| 910 | _aVMateo V. Control de calidad BPMSU | ||
| 942 |
_2ddc _cBK |
||
| 999 |
_c12794 _d12794 |
||